{"text_format":"3","workbook":"xlsx","n_sheets":8,"sheets":["(5)D.3单位工程最高投标限价汇总表","(4)E.1分部分项工程量清单计价表","(3)附录F措施项目清单与计价表","(2)附录G不可竞争项目清单与计价表","(1)附录I税金计价表","Sheet1","Sheet2","Sheet3"],"read":"whole","date_system":"1900"}

{"sheet":"(5)D.3单位工程最高投标限价汇总表","index":0,"n_rows":22,"n_cols":4,"rows_kept":22,"merged":[[0,0,0,3],[1,0,1,3]]}
["霍山县拇指山场平项目采购需求"]
["单位工程最高投标限价汇总表"]
[]
[]
["工程名称：霍山县拇指山场平工程",null,"                标段：","第1页 共1页"]
["序号","汇总内容","金额（元）","其中：材料、设备暂估价（元）"]
["1","分部分项工程项目费",1223218.36]
["1.1","  定额人工费",295296.41]
["1.2","  定额机械费",397658.29]
["1.3","  综合费",111112.64]
["2","措施项目费",38167.3]
["3","不可竞争费",63384.98]
["3.1","  安全文明施工费",63384.98]
["3.2","  工程排污费",0]
["4","其他项目",0]
["4.1","  暂列金额",0]
["4.2","  专业工程暂估价",0]
["4.3","  计日工",0]
["4.4","  总承包服务费",0]
["5","税金",119229.36]
["6","工程造价",1444000]
[{"$nulls":3},"测评合格编号：2018JS-05【神机造价软件V60安徽版】"]

{"sheet":"(4)E.1分部分项工程量清单计价表","index":1,"n_rows":20,"n_cols":9,"rows_kept":20,"merged":[[5,0,6,0],[5,1,8,1],[5,2,8,2],[5,4,8,4],[5,5,5,8],[6,5,8,5],[6,6,8,6],[6,7,6,8],[7,0,8,0]]}
[]
[{"$nulls":4},"E.1 分部分项工程量清单计价表"]
[]
[]
["工程名称：霍山县拇指山场平工程",{"$nulls":3},"                标段：",{"$nulls":3},"第1页 共1页"]
["序","项目编码","项目名称","计","工程量","金额（元）"]
[{"$nulls":3},"量",null,"综合单价","合价","其中"]
["号",null,null,"单",{"$nulls":3},"定额","定额"]
[{"$nulls":3},"位",{"$nulls":3},"人工费","机械费"]
["1","041103001001","砍挖灌木林","m2",10000,0.91,9100,7500,400]
["2","040103002001","场地平整","m2",10000,0.61,6100,800,4800]
["3","040101001001","挖一般土方","m3",2478.325,2.26,5601.01,545.23,4510.55]
["4","040102001001","石方爆破","m3",47088.175,14.99,705851.74,261339.37,208600.62]
["5","040102001001","挖装一般石方","m3",47088.175,4.56,214722.08,21189.68,171400.96]
["6","040302006001","减振孔","m",12810,19.78,253381.8]
["7","050403003001","地面防尘网","m2",10000,1.1,11000]
["8","WB041101012001","防尘网施工围栏","m",350,11.56,4046,178.5,294]
["9","011705001001","大型机械设备进出场及安拆","项",1,13415.73,13415.73,3743.63,7652.16]
[null,null,"合    计",{"$nulls":3},"1223218.36","295296.41","397658.29"]
[{"$nulls":8},"测评合格编号：2018JS-05【神机造价软件V60安徽版】"]

{"sheet":"(3)附录F措施项目清单与计价表","index":2,"n_rows":16,"n_cols":6,"rows_kept":16}
[]
[{"$nulls":3},"附录F 措施项目清单与计价表"]
[]
[]
["工程名称：霍山县拇指山场平工程",null,null,"                标段：",null,"第1页 共1页"]
["序号","项目编码","项目名称","计算基础","费率（%）","金额（元）"]
["1","SC-01","夜间施工增加费","681558.91","0.5",3407.79]
["2","SC-02","二次搬运费","681558.91","1.2",8178.71]
["3","SC-03","冬雨季施工增加费","681558.91","0.8",5452.47]
["4","SC-04","已完工程及设备保护费","681558.91","0.1",681.56]
["5","SC-05","工程定位复测费","681558.91","0.9",6134.03]
["6","SC-06","临时保护设施费","681558.91","0.1",681.56]
["7","SC-07","行车、行人干扰增加费","681558.91","0.2",1363.12]
["8","SC-08","赶工措施费","681558.91","1.8",12268.06]
[null,null,"合计",null,null,38167.3]
[{"$nulls":5},"测评合格编号：2018JS-05【神机造价软件V60安徽版】"]

{"sheet":"(2)附录G不可竞争项目清单与计价表","index":3,"n_rows":13,"n_cols":6,"rows_kept":13}
[]
[{"$nulls":3},"附录G 不可竞争项目清单与计价表"]
[]
[]
["工程名称：霍山县拇指山场平工程",null,null,"                标段：",null,"第1页 共1页"]
["序号","项目编码","项目名称","计算基础","费率（%）","金额（元）"]
["1","SF-01","环境保护费","681558.91","0.7",4770.91]
["2","SF-02","文明施工费","681558.91","3",20446.77]
["3","SF-03","安全施工费","681558.91","2.1",14312.74]
["4","SF-04","临时设施费","681558.91","3.5",23854.56]
["5","SF-05","工程排污费","681558.91"]
[null,null,"合计",null,null,63384.98]
[{"$nulls":5},"测评合格编号：2018JS-05【神机造价软件V60安徽版】"]

{"sheet":"(1)附录I税金计价表","index":4,"n_rows":66,"n_cols":6,"rows_kept":66}
[]
[{"$nulls":3},"附录I 税金计价表"]
[]
[]
["工程名称：霍山县拇指山场平工程",null,null,"                    标段：",null,"第1页 共1页"]
["序号","项目名称","计算基础","计算基数","费率（%）","金额（元）"]
["1","分部分项工程项目费",{"$nulls":3},1223218.36]
["1.1","  定额人工费",{"$nulls":3},295296.41]
["1.2","  定额机械费",{"$nulls":3},397658.29]
["1.3","  综合费",{"$nulls":3},111112.64]
["2","措施项目费",{"$nulls":3},38167.3]
["3","不可竞争费",{"$nulls":3},63384.98]
["3.1","  安全文明施工费",{"$nulls":3},63384.98]
["3.2","  工程排污费"]
["4","其他项目"]
["4.1","  暂列金额"]
["4.2","  专业工程暂估价"]
["4.3","  计日工"]
["4.4","  总承包服务费"]
["5","税金",{"$nulls":3},119229.36]
["6","工程造价",{"$nulls":3},1444000]
[{"$nulls":5},"测评合格编号：2018JS-05【神机造价软件V60安徽版】"]
[]
[]
[]
[{"$nulls":3},"附录I 税金计价表"]
[]
[]
["工程名称：霍山县拇指山场平工程",null,null,"                    标段：",null,"第1页 共1页"]
["序号","项目名称","计算基础","计算基数","费率（%）","金额（元）"]
["1","发包人发包专业工程",null,null,"1"]
["2","发包人提供材料",null,null,"1"]
[null,"合计"]
[{"$nulls":5},"测评合格编号：2018JS-05【神机造价软件V60安徽版】"]
[]
[]
[]
[{"$nulls":3},"附录I 税金计价表"]
[]
[]
["工程名称：霍山县拇指山场平工程",null,null,"                    标段：",null,"第1页 共1页"]
["序号","项目名称","计算基础","计算基数","费率（%）","金额（元）"]
["1","增值税","分部分项工程+措施项目+不可竞争+其他项目","1324770.64","9",119229.36]
[null,"合        计",{"$nulls":3},119229.36]
[{"$nulls":5},"测评合格编号：2018JS-05【神机造价软件V60安徽版】"]
[]
[]
[]
[{"$nulls":3},"附录I 税金计价表"]
[]
[]
["工程名称：霍山县拇指山场平工程",null,null,"                    标段：",null,"第1页 共1页"]
["序号","项目名称","计算基础","计算基数","费率（%）","金额（元）"]
[null,"材料、设备暂估价"]
[null,"专业工程暂估价+材料、设备暂估价"]
[null,"甲供材"]
[{"$nulls":5},"测评合格编号：2018JS-05【神机造价软件V60安徽版】"]
[]
[]
[]
[{"$nulls":3},"附录I 税金计价表"]
[]
[]
["工程名称：霍山县拇指山场平工程",null,null,"                    标段：",null,"第1页 共1页"]
["序号","项目名称","计算基础","计算基数","费率（%）","金额（元）"]
[{"$nulls":5},"测评合格编号：2018JS-05【神机造价软件V60安徽版】"]

{"sheet":"Sheet1","index":5,"n_rows":0,"n_cols":0,"rows_kept":0}

{"sheet":"Sheet2","index":6,"n_rows":0,"n_cols":0,"rows_kept":0}

{"sheet":"Sheet3","index":7,"n_rows":0,"n_cols":0,"rows_kept":0}